000 00294nam a2200121Ia 4500
005 20251222144826.0
008 251222s9999||||xx |||||||||||||| ||spa||
082 _a070.41/R74
100 _aRodríguez Castelo, Hernán
245 0 _aRedacción Periodística:
264 _bQuipus
942 _cLIB
999 _c20666
_d20666